| 000 | 01100 a2200193 4500 | ||
|---|---|---|---|
| 003 | Nust | ||
| 005 | 20221125144038.0 | ||
| 020 | _a0713133562 | ||
| 040 | _cNust | ||
| 082 | _a621.3815,BEN | ||
| 100 |
_aBenson, F. A. _941142 |
||
| 245 |
_aElectric-circuit theory / _cF. A. Benson and D. Harrison |
||
| 260 |
_aLondon _bE. Arnold _c1959 |
||
| 300 |
_a371 p _billus _c23 cm |
||
| 505 | _aIntroduction (Page-1), D.C. Circuits (Page-42), Single Phased A.C. Circuits (Page-42), Polyphase Circuits (Page-73), Complex Quantities (Page-87), The Use Of Complex Quantities In A.C. Circuits (Page-98), Subsidiary Network Theorems And Principles (Page-123), Coupled Circuits And Transformers (Page-153), Circle Diagrams And Inversion (Page-183), Non-Sinusoidal Waves (Page-198), Unbalanced Polyphase Circuits (Page-214), Transients (Page-240), Signal Flow Graphs (Page-276), Thermionic Valve Circuits (Page-285), Transistor Circuits (Page-416), Communication Circuits (Page-440), Electric Machines (Page-440). | ||
| 600 |
_aBenson, F. A. _941142 |
||
| 650 | _aTelecommunication engineering | ||
| 942 |
_2ddc _cBK |
||
| 999 |
_c182042 _d182042 |
||